000 00788cam a2200241 a 4500
001 3399800
005 20180227080217.0
008 890329s1989 ilua b 001 0 eng
010 _a 89032666
020 _a0226080773 (alk. paper)
020 _z0226080781 (pbk. : alk. paper)
040 _aDLC
_cDLC
_dDLC
_dOCoLC
_dDLC
041 _aeng
080 _a801.95092 BUR
082 0 0 _a801.95092 BUR
_220
100 1 _a50
101 _aSOC
245 1 0 _aOn symbols and society /
_cKenneth Burke ; edited and with an introduction by Joseph R. Gusfield.
504 _aIncludes bibliographical references (p. 319-321).
906 _a7
_bcbc
_corignew
_d1
_eocip
_f19
_gy-gencatlg
942 _2ddc
_cBK
999 _c43613
_d43613